00509pab a2200157 454500008004000000100001800040245008500058260000900143300001100152362001000163650002000173773003100193909000900224999001500233952010300248180718b1988 xxu||||| |||| 00| 0 eng d aZorn, Peter M aAn analysis of household mobility and tenure choicebAn empirical study of Korea c1988 a113-28 aSept. aHousing - Korea aJournal of Urban Economics a9949 c9949d9949 00104070aIIPAbIIPAd2018-07-19hVolume no: 24, Issue no: 2pAR9966r2018-07-19w2018-07-19yAR